00565nam a2200169Ia 4500008004100000020001400041041000800055082001800063100005000081245002800131250000600159260004400165300001400209650002600223999001900249952012700268210716s1997 xx 000 0 und d a019563249 aeng a658.1511 CHAH aChakraborty, Hrishikesh; Chakraborty, Srijit. aManagement accountancy. a1 aCalcuttabOxford University Pressc1997 axxii,1008 aManagement Accounting c202578d202578 001040708MBAaAIMITbAIMITd2008-09-25g311.00l0o658.1511 CHAHpMBA05144r2026-05-23 00:00:00v233.25w2021-07-16yBK